ბათუმის შოთა რუსთაველის სახელმწიფო უნივერსიტეტის ბიბლიოთეკა

Современный курс общей химии. (ბიბ.ჩანაწერი № 35265)

000 -LEADER
fixed length control field 00667nam a2200229Ia 4500
001 - CONTROL NUMBER
control field 1114
003 - CONTROL NUMBER IDENTIFIER
control field GE_BSU
008 - FIXED-LENGTH DATA ELEMENTS--GENERAL INFORMATION
fixed length control field 181216s||||||||xx |||||||||||||| ||und||
040 ## - CATALOGING SOURCE
Transcribing agency GE_BSU
080 ## - UNIVERSAL DECIMAL CLASSIFICATION NUMBER
Universal Decimal Classification number 54(075.8)
100 ## - MAIN ENTRY--PERSONAL NAME
Personal name Хаускрофф,К.
245 ## - TITLE STATEMENT
Title Современный курс общей химии.
245 ## - TITLE STATEMENT
Remainder of title Задачник.
245 ## - TITLE STATEMENT
Statement of responsibility, etc. Пер. с англ.Хаускрофф,К. Констебл, Э. ред.В.П.Зломанова
260 ## - PUBLICATION, DISTRIBUTION, ETC.
Place of publication, distribution, etc. Москва
260 ## - PUBLICATION, DISTRIBUTION, ETC.
Name of publisher, distributor, etc. Мир
260 ## - PUBLICATION, DISTRIBUTION, ETC.
Date of publication, distribution, etc. 2009
300 ## - PHYSICAL DESCRIPTION
Extent 250стр.
653 ## - INDEX TERM--UNCONTROLLED
Uncontrolled term Современный курс общей химии
653 ## - INDEX TERM--UNCONTROLLED
Uncontrolled term Химия
942 ## - ADDED ENTRY ELEMENTS (KOHA)
Koha item type წიგნი
ეგზემპლარები
Withdrawn status Lost status Damaged status Not for loan Date acquired Barcode Date last seen Price effective from Koha item type Public note
        2018-12-17 2423 2018-12-17 2018-12-17 წიგნი დარბაზი
        2018-12-17 2424 2018-12-17 2018-12-17 წიგნი დარბაზი